MARC

LEADER 00000nam0a2200000 4500
001 275471
005 20231101234828.0
035 |a (RuTPU)RU\TPU\book\298712 
090 |a 275471 
100 |a 20141114d1982 m y0rusy50 ca 
101 0 |a rus 
102 |a RU 
105 |a y j 000zy 
200 1 |a Сборник задач по квантовой механике  |f Ленинградский политехнический институт им. М. И. Калинина (ЛПИ) ; сост. А. И. Иванов 
210 |a Ленинград  |c Изд-во ЛПИ  |d 1982 
215 |a 55 с.  |c ил. 
606 1 |a Квантовая механика  |2 stltpush  |3 (RuTPU)RU\TPU\subj\14211  |9 40667 
610 1 |a задачи 
610 1 |a спин 
610 1 |a тождественные частицы 
610 1 |a теория возмущений 
610 1 |a вариационные методы 
610 1 |a квазиклассическое приближение 
610 1 |a учебные пособия 
675 |a 530.145.6(076)  |v 3 
702 1 |a Иванов  |b А. И.  |g Андрей Николаевич  |4 220 
712 0 2 |a Ленинградский политехнический институт им. М. И. Калинина (ЛПИ)  |c (1924-1930, 1940-1990)  |2 stltpush  |3 (RuTPU)RU\TPU\col\2601 
801 1 |a RU  |b 63413507  |c 20141114 
801 2 |a RU  |b 63413507  |c 20151224  |g RCR 
942 |c BK